Revista de la Universidad de Yucatán : marzo-abril de 1976

Guardat en:
Dades bibliogràfiques
Altres autors: Menéndez Díaz, Conrado (dirección) (dirección)
Format: Llibre
Idioma:espanyol
Publicat: Mérida, México : Universidad de Yucatán, 1976
Matèries:
Etiquetes: Afegir etiqueta
Sense etiquetes, Sigues el primer a etiquetar aquest registre!

MARC

LEADER 00000nam^a2200000^a^4500
001 000131624
005 20250521000000.0
009 20260310095030.209
037 |a Acervo ITESO - Biblioteca 
041 |a ESP 
082 |a 050.  |b YUC 1976 V. 104 T. 18 
240 1 1 |a [Revista de la Universidad de Yucatán] 
245 0 0 |a Revista de la Universidad de Yucatán :  |b marzo-abril de 1976  |c Dir. de C. Menéndez Díaz. 
264 1 |a Mérida, México :  |b Universidad de Yucatán,  |c 1976 
300 |a 131 p. 
336 |a texto  |b txt  |2 rdacontenido 
337 |a sin mediación  |b n  |2 rdamedio 
338 |a volumen  |b nc  |2 rdasoporte 
649 |a XX 
650 |a Publicaciones Periódicas Mexicanas 
650 |a Universidad de Yucatán -  |x Publicaciones Periódicas 
650 |a Novela Mexicana 
650 |a Novela Colombiana 
650 |a Literatura Comparada 
650 |a Libertad de Expresión 
650 |a Derecho -  |z México -  |x Historia 
650 |a México -  |x Historia Constitucional 
650 |a Movimientos Campesinos -  |z Yucatán -  |x Historia 
650 |a Periodismo -  |z Izamal, Yucatán -  |x Historia 
650 |a Iglesia Católica en Yucatán -  |x Historia -  |y Epoca Colonial, 1517-1821 
650 |a Yucatán -  |x Historia -  |y Epoca Colonial, 1517-1821 
700 |a Menéndez Díaz, Conrado  |e (dirección) 
910 |a Fondo Salvador Reynoso Reynoso 
920 |a Impresos - Libros 
930 |a Fondos Especiales 
905 |a 112 
901 |a 0800012236  |b IT2  |c ESP  |u 20250521 
902 |a https://opac.biblio.iteso.mx/vufind/Record/000131624